000 01025cam a2200337Ma 4500
001 102275
005 20230410130407.0
008 080221s2006 mx g 000 0 spa d
035 _a(OCoLC)ocn318402066
040 _aZZAND
_bspa
_cZZAND
020 _a9505575300
020 _a9789505575305
035 _a(OCoLC)318402066
050 1 4 _aP183n 2006
082 0 4 _a320.1
_bP147
_b2006
_220
049 _aGRAL
100 1 _aPalti, Elías José.
245 1 3 _aLa nación como problema :
_bLos historiadores y la "cuestión nacional" /
_cElías Palti.
250 _a2a ed, 1 reimp.
260 _aMéxico :
_bFondo de Cultura Económica,
_c2006.
300 _a157 p. ;
_c17 cm.
490 1 _aColección popular. Serie breves ;
_v634
504 _aIncluye bibliografâia.
650 1 7 _aNacionalismo
_xHistoriografía.
650 1 7 _aNación
_xHistoriografía.
650 1 7 _aEstado
_xHistoriografía.
830 0 _aColección popular.
_pSerie breves ;
_v634.
942 _2lcc
_cbk
946 _aCV
994 _aC0
_bDRFGD
999 _c73903
_d73903